000 00497nam a2200205Ia 4500
001 5270
003 GE_BSU
008 181216s||||||||xx |||||||||||||| ||und||
040 _cGE_BSU
080 _a511.(075.8)
100 _aВиноградов, И.М.
245 _aОсновы теории чисел.
250 _a7-ое
260 _aМосква
260 _bНаука
260 _c1972
300 _a167с.20см.
653 _aОсновы теории чисел.
942 _cBK
999 _c38859
_d38859